| 000 | 00876nam a2200265 i 4500 | ||
|---|---|---|---|
| 001 | 15819 | ||
| 003 | ES-MaACL | ||
| 005 | 20251005063030.0 | ||
| 007 | t| | ||
| 008 | 000508m19909999sp ||||1| spa j | ||
| 020 | _a84-7564-101-6 | ||
| 040 |
_aM-BN _bspa _cM-BN |
||
| 080 | _a398.2(460.33 Cartagena) | ||
| 100 | 0 |
_aDelgado Martínez, Santiago _943431 |
|
| 245 | 1 | 0 |
_aCrónica de León de Cartagena (1) / _cSantiago Delgado. |
| 250 | _a1ª ed. | ||
| 260 |
_a[Murcia] : _bServicio de Publicaciones e Intercambio, Universidad de Murcia : _bEditora Regional de Murcia, _c1990. |
||
| 300 |
_a240 p. ; _c20 cm. |
||
| 490 | 1 |
_aTextos de alcance ; _v38 |
|
| 650 | 4 |
_aLeyendas- _zCartagena. _914377 |
|
| 710 | 2 |
_aUniversidad de Murcia. _97228 |
|
| 830 | 0 |
_aTextos de alcance ; _v38 _9228607 |
|
| 852 |
_aES-MaACL _jL-22969 _bR.128615 |
||
| 999 |
_c15819 _d15819 |
||